|
|
|
|
| LEADER |
00687cam a2200193 7i4500 |
| 001 |
0000038010 |
| 005 |
20230627090000.0 |
| 020 |
|
|
|a 0534464599 (pbk.)
|
| 020 |
|
|
|a 9780534464592
|
| 090 |
0 |
0 |
|a QA154.3
|b .C62 2005
|
| 100 |
1 |
|
|a Cole, Jeffrey A
|
| 245 |
0 |
0 |
|a Student solutions manual for Swokowski and Cole's fundamentals of college algebra
|c Jefferry A.Cole.
|
| 250 |
|
|
|a 11th ed.
|
| 260 |
|
|
|a Australia:
|b Thomson Brooks/Cole,
|c 2005.
|
| 300 |
|
|
|a 322 p.:
|b ill.;
|c 27 cm.
|
| 650 |
0 |
0 |
|a Algebra
|
| 997 |
|
|
|a Communication, Visual Art & Computing, Faculty
|b Computing, Department
|
| 998 |
|
|
|a Mathematics with Statistics, Degree
|
| 999 |
|
|
|a 0000047824
|b BOK
|c OPEN SHELF
|e 1st Floor, Bestari Jaya
|